000 01097cam a22003137i 4500
999 _c10608
_d10608
003 OSt
005 20220408194444.0
008 161108s2011 vraab 001 0 eng d
020 _a9781864704570 (hbk.)
020 _a1864704578 (hbk.)
035 _a(OCoLC)ocn751804677
042 _alccopycat
050 0 0 _aHE305
_b.A42 2011
082 0 4 _a725.3
_223
100 1 _aAltoon, Ronald A.
245 1 0 _aUrban transformation :
_btransit oriented development and the sustainable city /
_cRonald A. Altoon, James C. Auld.
300 _a192 pages :
_bcolor illustrations, color maps ;
_c24 cm
500 _aIncludes index.
650 0 _aUrban transportation
_xPlanning
_vCase studies.
650 0 _aTransit-oriented development
_vCase studies.
650 0 _aSustainable urban development
_vCase studies.
650 7 _aSustainable urban development.
_2fast
650 7 _aTransit-oriented development.
_2fast
650 7 _aUrban transportation
_xPlanning.
_2fast
655 7 _aCase studies.
_2fast
700 1 _aAuld, James C.
906 _a7
_bcbc
_ccopycat
_d2
_encip
_f20
_gy-gencatlg
942 _2ddc